000 00955nas a2200289 4500
001 BR9902811
003 BR-BrBNA
005 20231205101430.0
007 ta
008 230509b bl.|||p| |||| 00| 00por d
040 _aBR-BrBNA
_bpor
_cBiblioteca Nacional de Agricultura
041 _a(En)
072 _aL73
100 1 _aLuz, C.
100 1 _aSilva, I.G.
100 1 _aMagalhaes, B.P.
100 1 _aCordeiro, C.M.T.
100 1 _aTigano, M.S.
245 1 _aControl of Triatoma infestans (Klug)(Reduviidae: Triatominae)with Beauveria bassiana (Bals.)Vuill.: preliminary assays on formulation and application in the field
650 _aHeteroptero
650 _aDoenca de Chagas
650 _aControle Biologico
650 _aSaude Publica
773 0 _tAnais da Sociedade Entomologica do Brasil (Brazil)
_xISSN 0301-8059
_g(Mar 1999), v. 28(1) p. 101-110
_wBR9902811
909 _a202311
_bLúcia
_c55
_dLúcia Elande
942 _2AGRIS
_n0
_cANA
999 _c161806
_d161806